Southeast Asia under the new blance power (Record no. 195698)

MARC details
000 -LEADER
fixed length control field 00369nam a2200145Ia 4500
008 - FIXED-LENGTH DATA ELEMENTS--GENERAL INFORMATION
fixed length control field 230917s9999||||xx |||||||||||||| ||und||
040 ## - CATALOGING SOURCE
-- 8704
Original cataloging agency VIVEKANANDA LIBRARY
041 ## - Language
-- English
082 ## - DDC NUMBER
Classification number 327.11 C399S
100 ## - MAIN ENTRY--PERSONAL NAME
Personal name Chawla, Sudarshan, ed.
245 #0 - TITLE STATEMENT
Title Southeast Asia under the new blance power
260 ## - PUBLICATION, DISTRIBUTION, ETC. (IMPRINT)
Place of publication, distribution, etc New York
Name of publisher, distributor, etc Prager
Date of publication, distribution, etc 1974
300 ## - PHYSICAL DESCRIPTION
Pages 1996 p.
942 ## - ADDED ENTRY ELEMENTS (KOHA)
Koha item type Books
Holdings
Withdrawn status Lost status Damaged status Not for loan Location (home branch) Sublocation or collection (holding branch) Date acquired Koha issues (times borrowed) Koha full call number Accession No. Koha date last seen Koha item type
        VIVEKANANDA LIBRARY VIVEKANANDA LIBRARY 08/08/2002   327.11 C399S 53597 17/09/2023 Books
© Designed and Maintained by Vivekananda Library, MDU Rohtak